| 000 | 01045caa a2200217 ib4500 | ||
|---|---|---|---|
| 003 | SA-RiAUC | ||
| 005 | 20260330134838.0 | ||
| 008 | 260315s1909 ua g 000f0 ara c | ||
| 040 |
_aSA-JeALM _bara _cSA-RiAUC _erda |
||
| 082 | 0 | 4 | _a219 |
| 090 |
_aم ن 219 _bب ل ا |
||
| 245 | 0 | 2 | _aالبلاغ المبين الذي بلغ من قبل المشيخة الإسلامية إلى النواب والقضاة. |
| 300 |
_a13صفحة؛ _c29 سم. |
||
| 336 |
_aنص _btxt _2rdacontent _3مقالة |
||
| 337 |
_aبدون وسيط _bn _2rdamedia |
||
| 338 |
_aمجلد _bnc _2rdacarrier |
||
| 650 | 7 |
_aالإسلام والإصلاح _vمقالات ومحاضرات _2aucsh |
|
| 773 | 0 |
_tالمنار : مجلة علمية أدبية تهذيبية ملية إخبارية : تصدر في غرة كل شهر عربي وفي السادس عشر منه / محمد رشيد رضا. _gمجلد 12، جزء 8 (شعبان 1327 هجري = 14 سبتمبر / أيلول 1909) |
|
| 942 |
_2ddc _cRBOOK COPY _n0 |
||
| 949 |
_aSA-JeALM _d260315 _umohamedma123 _n1 |
||
| 999 |
_c14694 _d14694 |
||